000 00921cam a22002778a 4500
008
020 _a1857390687 (hbk.)
049 _aMAIN
090 _aREF QH303.15
245 0 0 _aWorld databases in biosciences & pharmacology /
_cedited by C.J. Armstrong & R.R. Fenton.
246 3 _aWorld databases in biosciences and pharmacology
260 _aLondon ;
_aNew Jersey :
_bBowker Saur,
_cc1996.
300 _axiii, 1325 p. ;
_c31 cm.
440 0 _aWorld databases series ;
_v12
500 _aIncludes indexes.
650 0 _aLife sciences
_xDatabases
_vDirectories.
650 1 2 _aBiological Sciences
_vbibliography.
650 1 2 _aDatabases, Bibliographic
_vdirectories.
700 1 _aArmstrong, C. J.
700 1 _aFenton, R. R.
907 _a.b10072718
_b12-03-15
_c17-04-03
003
005 20230120191409.0
040 _cNUST
942 _cBOOKS
_kREF QH303.15
999 _c100388
_d100388